Statistical models and methods for lifetime data /

Bibliographic Details
Main Author: Lawless, Jerald F., 1944-
Format: eBook
Language:English
Published: Hoboken, N.J. : Wiley-Interscience, ©2003.
Edition:2nd ed.
Subjects:
Online Access:Connect to the full text of this electronic book

MARC

Tag First Indicator Second Indicator Subfields
LEADER 00000nam a2200000 a 4500
001 in00004679721
006 m o d
007 cr mn|||||||||
008 110210s2003 njua ob 001 0 eng d
005 20260214205605.7
020 |a 9781118033005  |q (electronic bk.) 
020 |a 1118033000  |q (electronic bk.) 
020 |a 9781118031254  |q (electronic bk.) 
020 |a 1118031253  |q (electronic bk.) 
020 |z 9780471372158  |q (cloth ;  |q acid-free paper) 
020 |z 0471372153  |q (cloth ;  |q acid-free paper) 
024 7 |a 10.1002/9781118033005  |2 doi 
035 |a wil6007436 
035 |a (NhCcYBP)wil6007436 
037 |a 10.1002/9781118033005  |b Wiley InterScience  |n http://www3.interscience.wiley.com 
040 |a NhCcYBP  |b eng  |c NhCcYBP 
050 4 |a QA276  |b .L328 2003 
072 7 |a MAT  |x 029000  |2 bisacsh 
082 0 4 |a 519.5  |2 22 
084 |a 31.73  |2 bcl 
100 1 |a Lawless, Jerald F.,  |d 1944- 
245 1 0 |a Statistical models and methods for lifetime data /  |c Jerald F. Lawless. 
250 |a 2nd ed. 
260 |a Hoboken, N.J. :  |b Wiley-Interscience,  |c ©2003. 
300 |a 1 online resource (xx, 630 pages) :  |b illustrations 
336 |a text  |b txt  |2 rdacontent 
337 |a computer  |b c  |2 rdamedia 
338 |a online resource  |b cr  |2 rdacarrier 
505 0 |a Basic concepts and models. Observation schemes, censoring, and likelihood -- Some nonparametric and graphical procedures -- Inference procedures for parametric models -- Inference procedures for log-location-scale distributions -- Parametric regression models -- Semiparametric multiplicative hazards regression models -- Rank-type and other semiparametric procedures for log-location-scale models -- Multiple modes of failure -- Goodness-of-fit tests -- Beyond univariate survival analysis -- Appendices A: Glossary of notation and abbreviations -- Appendices B: Asymptotic variance formulas, gamma functions, and order statistics -- Appendices C: Large-sample theory for likelihood and estimating function methods -- Appendices D: Computational methods and simulation -- Appendices E: Inference in location-scale parameter models -- Appendices F: Martingales and counting processes -- Appendices G: Data sets. 
504 |a Includes bibliographical references (pages 577-610) and indexes. 
588 0 |a Print version record. 
520 1 |a "Equally useful as a reference for individuals interested in the analysis of lifetime data and as a text for advanced students, Statistical Models and Methods for Lifetime Data, Second Edition provides broad coverage of the area without concentrating on any single field of application. Extensive illustrations and examples drawn from engineering and the biomedical sciences provide readers with a clear understanding of key concepts."--Jacket 
650 0 |a Failure time data analysis. 
650 0 |a Survival analysis (Biometry) 
650 2 |a Survival Analysis 
776 0 8 |i Print version:  |a Lawless, J.F. (Jerald F.), 1944-  |t Statistical models and methods for lifetime data.  |b 2nd ed.  |d Hoboken, N.J. : Wiley-Interscience, ©2003  |z 0471372153  |w (DLC) 2002151805 
856 4 0 |u http://proxy.library.tamu.edu/login?url=https://onlinelibrary.wiley.com/book/10.1002/9781118033005  |z Connect to the full text of this electronic book  |t 0 
955 |a Wiley EBA record 
975 |p Wiley UBCM Full Collection 2026 
999 f f |s 092da4a5-875f-45a6-ac02-ce3b73dfb930  |i 6c5bf4c7-118f-4735-b143-9ca56f119f7a  |t 0 
952 f f |a Texas A&M University  |b College Station  |c Electronic Resources  |s evans_pda  |d Available Online  |t 0  |e QA276 .L328 2003  |h Library of Congress classification 
998 f f |a QA276 .L328 2003  |t 0  |l Available Online